| 000 -LEADER |
| fixed length control field |
00789nam a22001457a 4500 |
| 008 - FIXED-LENGTH DATA ELEMENTS--GENERAL INFORMATION |
| fixed length control field |
221026b ||||| |||| 00| 0 eng d |
| 100 ## - MAIN ENTRY--PERSONAL NAME |
| Personal name |
Wadhwa, Manjula |
| 245 ## - TITLE STATEMENT |
| Title |
Roadmap for rural iindustrialisation |
| 260 ## - PUBLICATION, DISTRIBUTION, ETC. (IMPRINT) |
| Place of publication, distribution, etc |
Kurushetra |
| 300 ## - PHYSICAL DESCRIPTION |
| Extent |
70(10), Aug, 2022: p.32-35 |
| 520 ## - SUMMARY, ETC. |
| Summary, etc |
A strong linkage between form and non-form sectors needs to be developed for augmenting income and creating jobs in rural areas-form-sector driven industrialization may be evolved from production to processing and marketing. Such a linkage will help the form sector to produce market driven commodities, reduce transpiration costs, receive remunerative prices of farm gote, and minimise form waste. – Reproduced |
| 773 ## - HOST ITEM ENTRY |
| Main entry heading |
Kurushetra |
| 906 ## - LOCAL DATA ELEMENT F, LDF (RLIN) |
| Subject DIP |
RURAL INDUSTRIES |
| 942 ## - ADDED ENTRY ELEMENTS (KOHA) |
| Item type |
Articles |